000 00966nam a22002657a 4500
999 _c15746
_d15746
003 MIRAKIL
005 20240322120049.0
008 240322b tu ||||| |||| 00| 0 tur d
020 _a9789751615268
040 _aTR-AnCHP
_cTR-AnCHP
041 _atur
082 _a417.4
_bE61k 2020
100 _aErcilasun, Ahmet Bican
245 1 0 _aKars ili ağızları :
_bses bilgisi /
_cAhmet Bican Ercilasun.
250 _aİkinci baskı: Ankara, 2020 Ağustos
260 _aAnkara :
_bTürk Dil Kurumu,
_c2020.
300 _aviii, 386 sayfa ;
_c24 cm.
490 0 _aAtatürk Kültür, Dil ve Tarih Yüksek Kurumu Türk Tarih Kurumu yayınları ;
_v797.
490 0 _aAğız araştırmaları bilim ve uygulama kolu yayınları ;
_v43.
500 _aİngilizce metin içerir.
504 _aKaynakça: sayfa 156-158.
650 0 _97753
_aAğızlar
856 _zDijital Nüshası için Partimizin Kütüphane Sorumlusu ile iletişime geçiniz.
942 _2ddc
_cBKS